000 00356nam a22001457a 4500
008 230626b ||||| |||| 00| 0 eng d
020 _a0803609809
041 _aeng
080 _2VOLUME 1
_a61
082 _a61BON
100 _a4
101 _aMJKP
245 _aPRINCIPLES AND PRACTICE OF OBSTETRIC ANALGESIA ANESTHESIA
_cBONICA .J.J
942 _2udc
_cBK
999 _c60044
_d60044